[Event "GRE-ch U20"]
[Site "Nikaia"]
[Date "2012.01.05"]
[Round "3"]
[White "Triantafyllos, Michael"]
[Black "Megalios, Konstantinos"]
[Result "0-1"]
[WhiteElo "1407"]
[BlackElo "2068"]
[PlyCount "52"]
[EventDate "2012.01.03"]
[EventType "swiss"]
[EventRounds "7"]
[EventCountry "GRE"]
[SourceTitle "CBM 146 Extra"]
[Source "ChessBase"]
[SourceDate "2012.02.29"]
[SourceVersion "1"]
[SourceVersionDate "2012.02.29"]
[SourceQuality "1"]

1. e4 c5 2. Nf3 d6 3. d4 cxd4 4. Nxd4 Nf6 5. Nc3 a6 6. Bg5 e6 7. f4 Be7 8. Be2 Qc7 9. 0-0 Nc6 10. Rf2 h6 11. Nxc6 bxc6 12. Bxf6 Bxf6 13. Qd3 0-0 14. Rd1 Rd8 15. Qd2 Rb8 16. b3 c5 17. Rf3 Rb4 18. a3 Rb8 19. Rd3 Bb7 20. Bf3 c4 21. Rxd6 Rxd6 22. Qxd6 Qxd6 23. Rxd6 Bxc3 24. bxc4 e5 25. f5 Kf8 26. Rb6 Bd4+ 0-1